Automatická montáž armatúr

Podrobná bibliografia
Hlavný autor: Chlebík, Milan (Autor)
Médium: Článok
Jazyk:slovenčina
PhysicalDescription:Obr. 1. Sch. 4.
Predmet:

MARC

LEADER 00000nab a2200000 a 4500
001 vtls000227903
003 SK-MaSNL
005 20260303210655.0
008 111130c1985 xo 0 slo
015 |a SNBRB19rr/mm-uuuuu 
035 |a CL0238017 
040 |a SNKBUCL  |b slo  |c SNKBUCL  |e AACR2 
041 0 |a slo 
044 |a xo  |c SK 
080 |a 621.646.2.031:621.757-52  |2 1981 
080 |a 621.757-52  |2 1981 
100 1 |a Chlebík, Milan  |4 aut  |9 1242711 
245 1 0 |a Automatická montáž armatúr  |c Milan Chlebík 
300 |b Obr. 1. Sch. 4. 
610 2 7 |a Slovenská armatúrka Myjava (Myjava, Slovensko)  |2 snkbucl  |9 84689 
650 0 7 |a vodovodné ventily  |2 snkbucl  |9 1242712 
650 0 7 |a automatická montáž  |2 snkbucl  |9 1242713 
651 7 |a 5208  |2 snkbucl  |9 277766 
655 7 |a články z novín a časopisov  |2 snkbucl  |9 267496 
773 0 |t Technické noviny  |g Roč. 33, č. 33 (1985), s. 3 
850 |a Slovenská národná knižnica v Martine  |a MTA001 
852 |a SNK  |b KIS3GCP 
958 |a RK 
992 |a RBX 
999 |c 2201211  |d 2203141